logo

Bir Sreshtho Munshi Abdur Rouf Library
Jhenaidah Cadet College

হার্ট অ্যাটাক ও স্টে্রাক / (Record no. 13125)

MARC details
000 -LEADER
fixed length control field 00738nam a2200241 a 4500
001 - CONTROL NUMBER
JCCL Control Number 13125
003 - CONTROL NUMBER IDENTIFIER
JCCL marc code BD-JhCC
005 - DATE AND TIME OF LATEST TRANSACTION
control field 20230711104100.0
008 - FIXED-LENGTH DATA ELEMENTS--GENERAL INFORMATION
fixed length control field 171101s2019 bg |||| ||a| 00| 0 ben d
020 ## - INTERNATIONAL STANDARD BOOK NUMBER
International Standard Book Number 9847019000444
035 ## - SYSTEM CONTROL NUMBER
system control number (BD-JhCC)13125
040 ## - CATALOGING SOURCE
Original cataloging agency BD-JhCC
Modifying agency BD-JhCC
041 ## - LANGUAGE CODE
Language code of Book bengali
082 ## - DEWEY DECIMAL CLASSIFICATION NUMBER
Author mark and Year GHO 2019
Classification number 616.123
100 ## - MAIN ENTRY--PERSONAL NAME
Personal name ঘোষ, ড.তৃপ্তীশ চন্দ্র
245 ## - TITLE STATEMENT
Title হার্ট অ্যাটাক ও স্টে্রাক /
Statement of responsibility, etc ড.তৃপ্তীশ চন্দ্র ঘোষ।
260 ## - PUBLICATION, DISTRIBUTION, ETC. (IMPRINT)
Place of publication, distribution, etc ঢাকা :
Name of publisher, distributor, etc মনন প্রকাশ;
Date of publication, distribution, etc 2019.
300 ## - PHYSICAL DESCRIPTION
Pagination 109 p. :
Dimensions 21 cm.
650 ## - SUBJECT ADDED ENTRY--TOPICAL TERM
Topical term or geographic name as entry element Heart
650 ## - SUBJECT ADDED ENTRY--TOPICAL TERM
Topical term or geographic name as entry element Health
942 ## - ADDED ENTRY ELEMENTS (KOHA)
Source of classification or shelving scheme Dewey Decimal Classification
Koha item type Books
Koha issues (borrowed), all copies 1
Holdings
Source of classification or shelving scheme Damaged status Not for loan Home library Current library Shelving location Date of accession Cost, normal purchase price Full call number Barcode Date last seen Copy number Method of acquisition Koha item type Currency
Dewey Decimal Classification     JCC Rouf Library JCC Rouf Library General Stacks 06/14/2023 200.00 616.123 GHO 2019 17906 07/11/2023 C-1 Purchase Books BDT

JCC Library | Contacts | JCC Home

Last Update on 23 September 2017
Copyright @ 2017-2020 JCC Rouf Library
Rouf Library, Jhenidah Cadet College (JCC), Bangladesh